| Поле | Инд. | ПП | Название | Значение |
|---|---|---|---|---|
| Тип записи | a | |||
| Библиографический уровень | m | |||
| 001 | Контрольный номер | RU/LIBMSTU/263469169 | ||
| 005 | Дата корректировки | 20190605145028.9 | ||
| 020 | 00 | a | ISBN | 5-8354-0194-9 |
| c | Цена, тираж | 383-00 | ||
| 084 | a | Индекс другой классификации/Индекс ББК | 67.3(2)+67.404.1 | |
| 090 | 00 | a | Полочн. индекс | 67.3 |
| x | Авторский знак | З-19 | ||
| 245 | 00 | a | Заглавие | Законы гражданские с разъяснениями Правительствующего Сената и комментариями русских юристов |
| n | Номер части/ раздела | Кн. 3 | ||
| c | Ответственность | МГУ им. М. В. Ломоносова, Каф. гражд. права юрид. фак. ; сост. И. М. Тютрюмов | ||
| 260 | 00 | a | Место издания | Москва |
| b | Издательство | Статут | ||
| c | Дата издания | 2004 | ||
| 300 | 00 | a | Объем | 570, [1] с. |
| 440 | 00 | a | Серия | Классика российской цивилистики |
| 650 | _4 | a | Основная рубрика | Собственность-Правовое регулирование-История права-Комментарии |
| 653 | 00 | a | Ключевые слова | Договор купли-продажи |
| a | Ключевые слова | Имущественное право | ||
| a | Ключевые слова | Договоры | ||
| a | Ключевые слова | Мена | ||
| a | Ключевые слова | Наследование | ||
| a | Ключевые слова | Наследственное право | ||
| a | Ключевые слова | Право собственности | ||
| a | Ключевые слова | Собственность | ||
| 990 | 00 | f | Даты поступлений (DOS) | 10.05 |